00986nam a22002055i 4500001000700000003000900007005001700016008004100033040002000074100002100094245013600115260006500251300002200316490006200338500008000400500001900480700003900499830006000538852018200598162084ES-MaACL20250824090222.0020128s1871 sp |||| | spa d aCAM bspa cCAM0 aPicón, José.14aLos holgazanes b: zarzuela en tres actos y en verso / coriginal de José Picon ; música del maestro Francisco Asenjo Barbieri. aMadrid : b[s.n.], c1871 (fImprenta de José Rodríguez) a103 p. ; c18 cm.1 aEl teatro : colección de obras dramáticas y líricas aEn port.: Representada en el Teatro de la Zarzuela, el 25 de marzo de 1871. aSolo la letra.1 aBarbieri, Francisco A.,d1823-189403aEl teatro: colección de obras dramática y líricas aES-MaACLjF-8633(6) z-- Enc. pasta española q-- Falto de la cub. originalz-- Enc. en un vol. facticio formando parte de la col. facticia "Teatro español moderno", vol. 88